000 00467cam a2200205ua 4500
001 8209
008 150110n ii |||gr||||Z||||||hin
020 _a8170280001
040 _cMAIN
041 _ahin
082 _a920
100 _aGopal, M.,
_eAuthor.
245 1 _aPremchand
_cBy Madan Gopal
250 _a1st.
260 _aDelhi:
_bRajpal,
_c1995.
300 _a96p.
653 _aBiography, genealogy & insignia
653 _aHindi biography
942 _cBK
999 _c7324
_d7324